| 000 | 00653nam a2200205Ia 4500 | ||
|---|---|---|---|
| 001 | 5355 | ||
| 003 | GE_BSU | ||
| 008 | 181216s||||||||xx |||||||||||||| ||und|| | ||
| 040 | _cGE_BSU | ||
| 080 | _a512.643+517.3+517.91 | ||
| 100 | _aГюнтер Н.М., Кузьмин Р.О. | ||
| 245 | _aСборник задач по высшей математике. | ||
| 245 | _bИзд. 12-Е, испр. Учеб. пособие для вузов. | ||
| 260 | _aМосква | ||
| 260 | _bГостехиздат | ||
| 260 | _c1949 | ||
| 300 | _a222 с. 22 см. | ||
| 653 | _aСборник задач по высшей математике. | ||
| 942 | _cBK | ||
| 999 |
_c38932 _d38932 |
||